Survivor 45 Elimination Order - Statistics

General Stats
  • This quiz has been taken 52 times
  • The average score is 16 of 18
Answer Stats
Placement Original Tribe Answer % Correct
Runner Up Reba Austin
100%
Winner Reba Dee
100%
Second Runner Up Belo Jake
97%
5th Reba Julie
97%
6th Reba Drew
95%
7th Lulu Emily
95%
17th Lulu Brandon
92%
8th Belo Bruce
92%
4th Belo Katurah
92%
10th Belo Kellie
92%
11th Lulu Kaleb
89%
18th Lulu Hannah
87%
9th Belo Kendra
87%
15th Lulu Sean
87%
16th Lulu Sabiyah
84%
12th Reba Sifu
84%
14th Belo Brando
82%
13th Reba J. Maya
79%
No matching quizzes found
Score Distribution
Percent of People with Each Score
Percentile by Number Answered
Your Score History
You have not taken this quiz